Taking sustainability to the consumer (Record no. 112689)
[ view plain ]
| 000 -LEADER | |
|---|---|
| fixed length control field | 01343cad a22002175a 4500 |
| 001 - CONTROL NUMBER | |
| control field | L153763 |
| 008 - FIXED-LENGTH DATA ELEMENTS--GENERAL INFORMATION | |
| fixed length control field | 110825s2011 xxk f 000 0 eng d |
| 035 ## - SYSTEM CONTROL NUMBER | |
| System control number | (Sirsi) u153763 |
| 041 0# - LANGUAGE CODE | |
| Language code of text/sound track or separate title | eng |
| 100 1# - MAIN ENTRY--PERSONAL NAME | |
| Personal name | Ashworth, Chris |
| 110 2# - MAIN ENTRY--CORPORATE NAME | |
| Corporate name or jurisdiction name as entry element | Chartered Institute of Marketing Construction Industry Group |
| 9 (RLIN) | 5964 |
| 245 00 - TITLE STATEMENT | |
| Title | Taking sustainability to the consumer |
| Remainder of title | the CIMCIG industry report 2011 |
| Medium | [electronic resource] |
| 260 ## - PUBLICATION, DISTRIBUTION, ETC. | |
| Place of publication, distribution, etc. | [S.l.] |
| Name of publisher, distributor, etc. | CIMCIG |
| Date of publication, distribution, etc. | 2011 |
| 520 ## - SUMMARY, ETC. | |
| Summary, etc. | Warns that the construction industry is still not positioned to take advantage of the opportunities that are offered by low carbon and energy efficient buildings, products and systems. The survey found that only 35% of product manufacturers believe that the Green Deal will be an important opportunity and only 31% currently have suitable products available. The report was compiled through interviews with 100 manufacturers and installers. Documents the role of RICS and other organisations in implementing the Green Deal. |
| 590 ## - LOCAL NOTE (RLIN) | |
| Local note | KA NTK |
| 651 #4 - SUBJECT ADDED ENTRY--GEOGRAPHIC NAME | |
| Geographic name | United Kingdom |
| Chronological subdivision | |
| 690 ## - LOCAL SUBJECT ADDED ENTRY--TOPICAL TERM (OCLC, RLIN) | |
| Topical term or geographic name as entry element | ENVIRONMENTAL AND LAND CONSULTANCY-ENERGY-ENERGY USE-ENERGY EFFICIENCY |
| 690 ## - LOCAL SUBJECT ADDED ENTRY--TOPICAL TERM (OCLC, RLIN) | |
| Topical term or geographic name as entry element | BUILT ENVIRONMENT-SUSTAINABLE CONSTRUCTION |
| 856 40 - ELECTRONIC LOCATION AND ACCESS | |
| Uniform Resource Identifier | <a href="https://www.cimcig.org/files/library/Taking_Sustainabilit_1313575604.pdf">https://www.cimcig.org/files/library/Taking_Sustainabilit_1313575604.pdf</a> |
| Public note | View the report free of charge at www.cimcig.org |
| 942 ## - ADDED ENTRY ELEMENTS (KOHA) | |
| Suppress in OPAC | 0 |
| Withdrawn status | Lost status | Source of classification or shelving scheme | Damaged status | Not for loan | Home library | Current library | Shelving location | Date acquired | Total Checkouts | Full call number | Barcode | Date last seen | Copy number | Price effective from | Koha item type |
|---|---|---|---|---|---|---|---|---|---|---|---|---|---|---|---|
| Dewey Decimal Classification | Virtual | Virtual | Online | 25/08/2011 | ONLINE PUBLICATION | 153763-2001 | 06/08/2019 | 1 | 06/08/2019 | Book |